000 00306nam a22001337a 4500
008 180222b xxu||||| |||| 00| 0 eng d
020 _a9780582042865
041 _aeng
080 _a33
100 _a52
101 _aEKO
245 _aInternational economic& financial terms
_cLongman,
942 _2udc
_cBK
999 _c43139
_d43139